| 000 | 00756cam a22002653a 4500 | ||
|---|---|---|---|
| 001 | 23313 | ||
| 003 | PGUSA | ||
| 005 | 20140828083509.0 | ||
| 008 | 071104s2007||||xxu|||||s|||||000 1 eng d | ||
| 040 |
_aPGUSA _beng |
||
| 042 | _adc | ||
| 050 | 4 | _aPT | |
| 100 | 1 |
_aMann, Thomas, _d1875-1955 |
|
| 245 | 1 | 0 |
_aTonio Kröger _h[electronic resource] / _cThomas Mann |
| 260 |
_bProject Gutenberg, _c2007 |
||
| 506 | _aPublic domain in the USA. | ||
| 516 | _aElectronic text | ||
| 653 | _aDenmark -- Fiction | ||
| 653 | _aGermany, Northern -- Fiction | ||
| 653 | _aArtists -- Fiction | ||
| 653 | _aMünchen (Munich, Bavaria, Germany) -- Fiction | ||
| 830 | 0 |
_aProject Gutenberg _v23313 |
|
| 856 | 4 | 0 | _uhttp://www.gutenberg.org/ebooks/23313 |
| 942 | _cEB | ||
| 999 |
_c252568 _d252568 |
||